Landen met een letter - V - Statistieken

Algemene statistieken
  • Deze quiz is 172 keer genomen
  • De gemiddelde score is 15 van 20
Antwoordstatistieken
Categorie Land % Correct
1 x V Verenigde Staten
100%
1 x V Verenigd Koninkrijk
100%
1 x V Verenigde Arabische Emiraten
97%
1 x V Vanuatu
94%
1 x V Vaticaanstad
94%
1 x V Venezuela
94%
1 x V Saint Vincent en de Grenadines
84%
1 x V Slovenië
84%
1 x V Vietnam
81%
1 x V Moldavië
78%
1 x V Kaapverdië
75%
1 x V Bolivia
72%
1 x V Ivoorkust
66%
1 x V Saint Kitts en Nevis
66%
1 x V Tuvalu
63%
1 x V Bosnië en Herzegovina
59%
1 x V El Salvador
59%
1 x V Kosovo
59%
1 x V Servië
59%
1 x V Maldiven
56%
Geen overeenkomende quizzen gevonden
Scoreverdeling
Procent van Mensen met Elke Score
Percentiel versus Aantal Correcte Antwoorden
Uw Scoregeschiedenis
U heeft deze quiz nog niet genomen